LDR 00731naa#a2200169#i#450# 001 EN\\bibl\115737 005 20260418132235.6 011 ## _a2409-3750 100 ## _a20260226b2026####ek#y0engy0150####ca 102 ## _aRU 200 1# _aSevere course of tophus gout with a fatal outcome in a non-compliant comorbid patient _eJournal article 210 1# _aTula _cLLC Information and publishing center Innovations and investments _d2026 215 ## _a6 с. 608 ## _aJournal article _2local 675 ## _aЛимфатическая лейкемия, селезеночная лейкемия. Лимфоцитемия. Лимфемия. 616.155.392.2 _aМедицина. Охрана здоровья. 61 _z 700 #1 _aOsinovskaya _gM. A. 856 4# _azh-szf.ru _u